Normal view
MARC view
Entry Personal Name
001 - CONTROL NUMBER
- control field: 11230
003 - CONTROL NUMBER IDENTIFIER
- control field: BD-RjUL
005 - DATE AND TIME OF LATEST TRANSACTION
- control field: 20240129133840.0
008 - FIXED-LENGTH DATA ELEMENTS
- fixed length control field: 240129|| aca||aabn | a|a d
040 ## - CATALOGING SOURCE
- Original cataloging agency: BD-RjUL
- Transcribing agency: BD-RjUL
100 ## - HEADING--PERSONAL NAME
- Personal name: سابا، عيسى ميخائيل
670 ## - SOURCE DATA FOUND
- Source citation: Work cat.: (BD-RjUL)82844: Maris, Dahlia Smith ;; ماريس، داليا سميث 11229, اعرف عدوك /arif aduuk /, [بعد ١٩٥٣].